00305 a2200097 4500001001000000005001700010008004100027245006100068100002400129773005400153ART_1786220260410161701.0260409a 10aTasa de Interes, Salario real y saldos monetarios reales1 aOlivera, Julio H.G.0 tEnsayos Económicosg- Nº 8 (dic. 1978)wREV620